| 000 | 00658nam a2200217 u 4500 | ||
|---|---|---|---|
| 005 | 20240213064409.0 | ||
| 008 | 100422s2007 r 000 0 eng d | ||
| 020 | _a9788495994820 | ||
| 035 | _aUPN01000175473 | ||
| 049 | _aCG | ||
| 050 | 4 |
_aPR5773 E8 _bM3.6b |
|
| 100 | 1 |
_aWells, Herbert George, _d1866-1946 _929468 |
|
| 245 | 1 | 3 |
_aLa máquina del tiempo / _cHerbert George Wells ; tr. Julia Pérez Martín. |
| 260 |
_aMadrid : _bMestas, _c2007. |
||
| 300 | _a146 p. | ||
| 440 | 3 |
_aEl barco de papel ; _v29 |
|
| 534 |
_pTítulo original: _tThe time machine |
||
| 650 | 4 |
_aCiencia ficción _95230 |
|
| 650 | 4 |
_aVIAJES IMAGINARIOS _94444 |
|
| 905 | _aLibro | ||
| 999 |
_c147577 _d147577 |
||